000 00541nam a2200181 4500
001 121504
003 ES-MaACL
005 20230906191748.0
007 t|
008 070214s1923 sp r ||||1| spa d
100 1 _aPlanck, Max.
_992540
245 1 0 _aTermodinámica /
_cMax Planck ; traducción de la 6ª edición alemana por J. Palacios.
260 _aBarcelona :
_b[s. n.],
_c1923 (
_fImp. Elzeviriana)
300 _a322 p. ;
_c21 cm.
700 1 _aPalacios, J.
_9192357
852 _aES-MaACL
_jA-4977
_bR.17082
999 _c121504
_d121504